000 00708nam a2200253Ia 4500
003 OSt
005 20220925204954.0
006 a|||||r|||| 00| 0
007 ta
008 220923b |||||||| |||| 00| 0 eng d
020 _a90 6193 077 4
037 _cGeneral Book
040 _aRTL
_cRTL
_beng
041 _2eng
_aeng
082 _aU3:(G:5).8921.N7, L4
100 _aWilliams W D Ed.
_9269364
245 0 _aBiography and ecology in Tasmania
260 _aHague
_bW Junk
_c1974
300 _avii,498p
_ccm.
490 _aMonographiae Biologicae; 25
650 _aBiogeography
942 _hU3:(G:5).8921.N7, L4
_cGB
_2CC
999 _c550886
_d550886